000 00286nam a2200133Ia 4500
008 231129s1952||||xx |||||||||||||| ||spa||
040 _bspa
082 _a928.41 Z98b
100 _aZweig Stefan
245 0 _aBalzac
260 _c1952
264 _aMéxico : Cumbre
942 _2ddc
_cBKS
999 _c6020
_d6020